000 00462nam a2200181Ia 4500
001 24445
005 20260414151043.0
008 260414t2011||||xx |||||||||||||| ||spa||
041 _aESP
082 _a345.7
_bO71
100 _aOrozco Muñoz, Martín
_eAUT
245 0 _aLa creación judicial del derecho y el precedente vinculante
_b
260 _c2011
300 _a293 páginas :
_c21 cm.
650 _aDER
654 _aCDE
942 _cLIB
_dJUS
_fJUS
_2ddc
_n
999 _c24445
_d24445